000 00613 a2200193 4500
001 61855
005 20260407155910.0
008 260407a1974 arg spa d
003 AR-UNSa-BCEJYS
040 _aAR-UNSa-BCEJYS
_bspa
_cAR-UNSa-BCEJYS
080 _a347.725
_xSociedades públicas. Sociedades anónimas (Sociedades por acciones)
245 1 0 _aSociedades anónimas
_pExamen crítico del decreto-Ley 19.550
264 1 _aBuenos Aires :
_bEdiciones Depalma
_c1974
300 _axx, 961 p.
_c23 cm.
041 _aspa
942 _cBK
590 _aniveau_biblio:m niveau_hierar:0
100 1 _aHalperin, Isaac
999 _c7445
_d7445